| 000 | 00747nam a2200289 a 4500 | ||
|---|---|---|---|
| 005 | 20140310183459.0 | ||
| 008 | 091208s19uu xx 00 eng d | ||
| 020 | _a9812591001 | ||
| 050 |
_aRM 216 _b.M214 2004 |
||
| 100 | _aMahan, L. Kathleen | ||
| 245 |
_aKrause's Food, nutrition & diet theraphy / _cL. Kathleen Mahan, Sylvia Escott-Stump. |
||
| 250 | _a11th. ed. | ||
| 260 |
_aSingapore : _bElsevier, _c2004. |
||
| 300 |
_a1321 p. : _bill. ; _c25 cm. |
||
| 521 | _aNUR | ||
| 650 | _aNutrition. 2. Diet. | ||
| 700 | _aEscott-Stump, Sylvia | ||
| 942 |
_cBK _2lcc _kFOR |
||
| 999 |
_c23791 _d23791 |
||